000 00811nam a2200265 a 4500
001 29518
003 BD-RjUL
005 20211209051425.0
008 140403s1940 nyu b 001 0 eng d
035 _a(BD-RjUL)29603
040 _aANL
_beng
_cANL
_dBD-RjUL
041 _aeng
060 0 _aWM 30 W825P
082 0 4 _a362.2088054
_219
_bWIP 1940
100 1 _aWitmer, Helen Leland.
_989968
245 1 0 _aPsychiatric clinics for children /
_cHelen Leland Witmer.
260 _aNew York :
_c1940.
_bThe Commonwealth Fund,
300 _a437 p. ;
_c23cm.
504 _aIncludes Index
650 0 _aChild mental health services
_zUnited States.
_989969
650 0 _aChild guidance.
_916194
650 0 _aCommunity mental health centers
_zUnited States.
_989970
942 _2ddc
_cBK
999 _c29518
_d29518